00964nam a2200217 a 4500001001000000003000500010005001700015008004100032010001100073011001100084040000900095100003600104245026800140260004100408500006000449502008700509650003000596650002500626650002500651856007000676000113552CHAP20220329144401.0170802s2016 mx a fsm |||||||spa d a110013 a110985 cCHAP1 aHernández López, Surisaddai10aEstudio de caso del cultivo y aprovechamiento de tres especies de bambú (Guadua angustifolia Kunt., Guadua aculeata Rupr., y Bambusa oldhamii Munro) en la comunidad de Coapal Chico, San José Acateno, Puebla /h[En línea]cpor Surisaddai Hernández López. aChapingo, Méx. :bEl autor,c2016. aPara ver el contenido del material haga clic en la liga aTesis (Ing. en Restauración Forestal) -- UACH. División de Ciencias Forestales14aBambúxAprovechamiento.14aBambúxVariedades.14aCultivos tropicales. aFinding aiduhttp://10.13.5.2/tesis/sist113552.pdfzTeclea aquí